[Event "Tel Aviv super 1st"]
[Site "Tel Aviv "]
[Date "1999.05.11"]
[Round "1"]
[White "Alterman, Boris"]
[Black "Smirin, Ilia"]
[Result "1/2-1/2"]
[WhiteElo "2615"]
[BlackElo "2650"]

1.d4 d6 2.c4 Nf6 3.Nc3 g6 4.e4 Bg7 5.h3 O-O 6.Bg5 Nbd7 7.Nf3 e5 8.d5 a5 9.Nd2 h6
10.Be3 Nh7 11.g4 Nc5 12.Rg1 Kh8 13.Qc2 b6 14.O-O-O Bd7 15.Be2 Ng5 16.Rh1 f5
17.exf5 gxf5 18.h4 Nh7 19.g5 a4 20.a3 Qe7 21.f4 exf4 22.Bxf4 Be5 23.Rdf1 Bxf4
24.Rxf4 hxg5 25.hxg5 Qxg5 26.Rfh4 Rf7 27.Kb1 Rg7 28.Nf3 Qe3 29.Bd1 Re8 30.Re1 Qd3
31.Rxe8+ Bxe8 32.Qxd3 Nxd3 33.Nxa4 Rg2 34.Bc2 Rg3 35.Bxd3 Rxf3 36.Be2 Rg3
37.Nc3 Kg7 38.Kc2 Nf6 39.Kd2 Bg6 40.a4 Ne4+  1/2-1/2

[Event "Tel Aviv super 1st"]
[Site "Tel Aviv "]
[Date "1999.05.12"]
[Round "2"]
[White "Smirin, Ilia"]
[Black "Huzman, Alexander"]
[Result "1/2-1/2"]
[WhiteElo "2652"]
[BlackElo "2575"]

1.e4 c5 2.Nf3 d6 3.d4 cxd4 4.Nxd4 Nf6 5.Nc3 a6 6.Be2 e5 7.Nb3 Be7 8.O-O O-O
9.Kh1 b6 10.Bg5 Nbd7 11.a4 Bb7 12.Qd3 Rc8 13.f3 d5 14.exd5 Nxd5 15.Bxe7 Nxe7
16.Rfd1 Rc7 17.Rd2 Qc8 18.Rad1 Nf6 19.Qe3 Qe6 20.a5 b5 21.Nc5 Qc8 22.Nxb7 Qxb7
23.Qxe5 Nc6 24.Qf5 Nxa5 25.Bd3 Nc4 26.Ne4 Nxe4 27.Bxe4 g6 28.Qf6 Qb6 29.Qxb6 Nxb6
30.b3 f5 31.Bd3 Nd5 32.c4 Ne3 33.Re1 bxc4 34.Rxe3  1/2-1/2

[Event "Tel Aviv super 1st"]
[Site "Tel Aviv "]
[Date "1999.05.13"]
[Round "3"]
[White "Sutovskij, Emil"]
[Black "Smirin, Ilia"]
[Result "0-1"]
[WhiteElo "2612"]
[BlackElo "2652"]

1.e4 g6 2.d4 Bg7 3.Nc3 d6 4.f4 Nf6 5.Nf3 O-O 6.Bd3 Nh5 7.O-O Bg4 8.Be3 e5
9.dxe5 dxe5 10.fxe5 Nc6 11.Be2 Nxe5 12.Qxd8 Raxd8 13.Nxe5 Bxe2 14.Rxf7 Rfe8
15.Rxg7+ Nxg7 16.Bg5 Rd6 17.Nxe2 Rxe5 18.Bf4 Rxe4 19.Bxd6 Rxe2 20.Bxc7 Rxc2
21.Bb8 a6 22.Rd1 Rxb2 23.Be5 Rb5 24.Bc3 Ne6 25.Rd6 Nc5 26.g4 Kf7 27.Rd8 Ne4
28.Bh8 Nf6 29.h3 Ke6 30.Rf8 Nd7 31.Re8+ Kf7 32.Rd8 Rd5 33.Kg2 Rd2+ 34.Kg3 Rd3+
35.Kf4 Ke7 36.Rg8 Rxh3 37.g5 b5 38.Bb2 a5 39.Ra8 Rh2 40.Bd4 Rxa2 41.Ke4 b4
42.Ra7 b3 43.Kd5 a4 44.Bc3 Rc2 45.Bf6+ Ke8 46.Ra8+ Kf7 47.Ra7 Rd2+ 48.Bd4 Ke7
49.Rb7 b2 50.Rxb2 Rxb2 51.Bxb2 Nf8 52.Ba3+ Kf7 53.Bb2 Ne6 54.Bc1 Nxg5 55.Bxg5 a3
56.Bd2 a2 57.Bc3 h5  0-1

[Event "Tel Aviv super 1st"]
[Site "Tel Aviv "]
[Date "1999.05.16"]
[Round "6"]
[White "Smirin, Ilia"]
[Black "Avrukh, Boris"]
[Result "1/2-1/2"]
[WhiteElo "2652"]
[BlackElo "2609"]

1.c4 g6 2.Nc3 Bg7 3.d4 Nf6 4.e4 d6 5.Nf3 O-O 6.Be2 e5 7.Be3 h6 8.O-O Ng4
9.Bc1 Nc6 10.d5 Ne7 11.Ne1 h5 12.h3 Nh6 13.f4 exf4 14.Bxf4 f5 15.Qd2 Nf7
16.Nf3 fxe4 17.Nxe4 Nf5 18.g4 hxg4 19.hxg4 N5h6 20.Nfg5 Qe7 21.Rae1 Bd7 22.Bd1 Ne5
23.b3 Nhxg4 24.c5 Rae8 25.cxd6 cxd6 26.Ne6 Bxe6 27.dxe6 d5 28.Bxg4 dxe4 29.Bxe5 Qc5+
30.Kg2 Qxe5 31.Qd7 Bf6 32.Qxb7 e3 33.Re2 Re7 34.Qf3 Rh7 35.Qg3 Qxg3+ 36.Kxg3 Be5+
37.Kg2 Rh2+ 38.Kg1  1/2-1/2

[Event "London MSO Masters"]
[Site "London"]
[Date "1999.08.22"]
[Round "2"]
[White "Smirin, Ilia"]
[Black "Webster, Andrew"]
[Result "1-0"]
[WhiteElo "2671"]
[BlackElo "2427"]

1.c4 Nf6 2.Nc3 c6 3.e4 e5 4.Nf3 d6 5.d4 Nbd7 6.Be2 a6 7.O-O b5 8.a3 Bb7 9.d5 bxc4
10.dxc6 Bxc6 11.Bxc4 Nb6 12.Ba2 Be7 13.Re1 O-O 14.Be3 a5 15.Rc1 Qb8 16.Nh4 Bd8
17.Nf5 Nc8 18.Qf3 g6 19.Bh6 Qxb2 20.Bxf8 Kxf8 21.Nh6 Be8 22.Nd5 Nd7 23.Nc7 Qxa2
24.Nxa8 Nc5 25.Rb1 Kg7 26.Rb8 Qe6 27.Ng4 Na6 28.Rxc8 Qxc8 29.Nb6 Bxb6 30.Qf6+ Kg8
31.Nh6+ Kf8 32.Qxd6+ Kg7 33.Qxb6 Kxh6 34.Qxa5 Qe6 35.h3 Qd6 36.Rc1 Bd7 37.Kh2 Kg7
38.Rc2 Nb8 39.Qc7 Qxc7 40.Rxc7 Ba4 41.Rc4 Bd7 42.Rc7 Ba4 43.Ra7 Bc2 44.f3 Bd3
45.a4 Kf6 46.a5 Ke6 47.Rc7 Na6 48.Rb7 Nc5 49.Rb8 Kd7 50.g4 f5 51.Rh8 fxe4
52.Rxh7+ Kc6 53.fxe4 Kb5 54.Re7 Kxa5 55.Rxe5 Kb5 56.Kg3 Bxe4 57.Kf4 Bd3 58.Ke3 Kc4
59.Rxc5+ Kxc5 60.Kxd3 Kd5 61.h4 Ke5 62.Ke3 Kf6 63.Kd4 Ke6 64.Ke4 Kf6 65.Kd5 Ke7
66.Ke5 Kf7 67.Kd6 Kf6 68.g5+  1-0

[Event "London MSO Masters"]
[Site "London"]
[Date "1999.08.23"]
[Round "3"]
[White "Rowson, Jonathan"]
[Black "Smirin, Ilia"]
[Result "0-1"]
[WhiteElo "2490"]
[BlackElo "2671"]

1.e4 d6 2.d4 Nf6 3.Nc3 g6 4.Nf3 Bg7 5.Be3 O-O 6.Qd2 a6 7.Bd3 b5 8.Ne2 Nc6
9.d5 Ne5 10.Nxe5 dxe5 11.O-O e6 12.dxe6 Bxe6 13.a4 c5 14.Ng3 c4 15.Be2 Qc7
16.axb5 axb5 17.Qb4 Qc6 18.b3 Nd7 19.bxc4 bxc4 20.Rfd1 Rfb8 21.Rxa8 Qxa8
22.Qc3 Bf8 23.Qa1 Qc6 24.Bf3 c3 25.Re1 Rb2 26.Qd1 Qa4 27.Bg4 Bxg4 28.Qxg4 Rxc2
29.Rd1 Nf6 30.Qc8 Ra2 31.Rd8 Ra1+ 32.Nf1 Qb5 33.Rxf8+ Kg7 34.h3 Qxf1+ 35.Kh2 g5
36.Rh8 Qg1+ 37.Kg3 Nxe4+ 38.Kf3 Qd1+ 39.Kxe4 Ra4+ 40.Kxe5 f6+ 41.Ke6 Re4+
42.Kf5 Re5+  0-1

[Event "London MSO Masters"]
[Site "London"]
[Date "1999.08.24"]
[Round "4"]
[White "Smirin, Ilia"]
[Black "Ibragimov, Ildar"]
[Result "1/2-1/2"]
[WhiteElo "2671"]
[BlackElo "2554"]

1.e4 e5 2.Nf3 Nc6 3.Bb5 a6 4.Ba4 Nf6 5.O-O Be7 6.Re1 b5 7.Bb3 d6 8.c3 O-O
9.d3 Na5 10.Bc2 c5 11.Nbd2 Re8 12.Nf1 h6 13.d4 Qc7 14.Ne3 Bf8 15.d5 c4 16.b4 cxb3
17.axb3 Nb7 18.Bd2 Nc5 19.Qb1 Ng4 20.Nf1 Nf6 21.h3 Qb7 22.Be3 a5 23.N1d2 Bd7
24.b4 axb4 25.Rxa8 Rxa8 26.cxb4 Na4 27.Bd3 Be7 28.Rc1 Rc8 29.Kh2 Bd8 30.Rxc8 Qxc8
31.Qf1 Qb8 32.Qc1 Bb6 33.Nf1  1/2-1/2

[Event "London MSO Masters"]
[Site "London"]
[Date "1999.08.26"]
[Round "6"]
[White "Smirin, Ilia"]
[Black "Gallagher, Joseph G"]
[Result "0-1"]
[WhiteElo "2671"]
[BlackElo "2521"]

1.c4 g6 2.d4 Nf6 3.Nc3 Bg7 4.e4 d6 5.Nf3 O-O 6.Be2 e5 7.Be3 Na6 8.d5 Ng4
9.Bg5 f6 10.Bh4 Nh6 11.Nd2 Nf7 12.f3 c5 13.a3 h5 14.O-O Bh6 15.Rb1 Bg5 16.Bf2 f5
17.b4 b6 18.exf5 gxf5 19.Kh1 Qf6 20.Nb5 Bd7 21.Rb3 h4 22.f4 Bxf4 23.Bxh4 Qxh4
24.g3 Bxg3 25.Rxg3+ Kh8 26.Nf3 Qh6 27.Rfg1 Rg8 28.Qa4 e4 29.Rxg8+ Rxg8 30.Rxg8+ Kxg8
31.Ng1 f4 32.Qxa6 f3 33.Qxa7 fxe2 34.Nxe2 Bg4 35.Ng1 Bf3+  0-1

[Event "London MSO Masters"]
[Site "London"]
[Date "1999.08.27"]
[Round "7"]
[White "Levitt, Jonathan"]
[Black "Smirin, Ilia"]
[Result "0-1"]
[WhiteElo "2433"]
[BlackElo "2671"]

1.d4 Nf6 2.c4 g6 3.Nc3 Bg7 4.e4 d6 5.f3 O-O 6.Be3 Nbd7 7.Qd2 c5 8.d5 Ne5
9.Bg5 Nh5 10.g4 Nf6 11.h3 a6 12.f4 Ned7 13.Nf3 b5 14.Bd3 Nb6 15.O-O-O b4
16.Bxf6 Bxf6 17.Ne2 Bg7 18.Rdg1 e6 19.h4 exd5 20.exd5 Re8 21.h5 Na4 22.b3 Nc3
23.Nxc3 bxc3 24.Qc2 Re3 25.hxg6 Rxf3 26.gxf7+ Kxf7 27.Be2 Rxf4 28.Rxh7 Qg5
29.Kb1 Bf5  0-1

[Event "Eu Team Ch"]
[Site "Batumi GEO"]
[Date "1999.11.30"]
[Round "2"]
[White "Smirin,I"]
[Black "Palac,M"]
[Result "1/2-1/2"]
[WhiteElo "2671"]
[BlackElo "2610"]

1.e4 c5 2.Nf3 d6 3.d4 cxd4 4.Nxd4 Nf6 5.Nc3 Nc6 6.Bg5 e6 7.Qd2 a6 8.O-O-O Bd7
9.f4 b5 10.Nxc6 Bxc6 11.Qe3 Be7 12.Bxf6 Bxf6 13.e5 Be7 14.exd6 Bxd6 15.Ne4 Bxe4
16.Qxe4 O-O 17.Bd3 g6 18.h4 Qf6 19.Rdf1 Rfd8 20.g4 Bf8 21.f5 exf5 22.gxf5 Bg7
23.c3 b4 24.Bc4 g5 25.hxg5 Qxg5+ 26.Kb1 Qf6 27.Qh4 bxc3 28.Qxf6 Bxf6 29.bxc3 Rd7
30.Rfg1+ Kh8 31.Rh3 Rc8 32.Bxa6 Rxc3 33.Rxc3 Bxc3 34.Kc2 Bf6 35.a4 Rd5 36.Rf1 Kg7
37.Re1  1/2-1/2

[Event "Eu Team Ch"]
[Site "Batumi GEO"]
[Date "1999.12.01"]
[Round "3"]
[White "Aleksandrov,A"]
[Black "Smirin,I"]
[Result "0-1"]
[WhiteElo "2619"]
[BlackElo "2671"]

1.d4 Nf6 2.c4 g6 3.Nc3 Bg7 4.e4 d6 5.Be2 O-O 6.Bg5 Na6 7.h4 e5 8.d5 h6 9.Be3 h5
10.f3 Nh7 11.g4 Nf6 12.Nh3 c6 13.Nf2 Bd7 14.Qb3 Nc5 15.Qa3 a5 16.dxc6 Bxc6
17.O-O-O Qc7 18.Bxc5 dxc5 19.Qxc5 Rfc8 20.Kb1 Bf8 21.Qe3 a4 22.Rc1 a3 23.b3 Bb4
24.Rhg1 Qa5 25.Rg2 Kg7 26.Rc2 hxg4 27.Nxg4 Nxg4 28.Rxg4 Rh8 29.Nd5 Bc5 30.Qg5 Bxd5
31.cxd5 Bd4 32.Qd2 Qb6 33.f4 Rac8 34.f5 Be3 35.Qd1 Rc7  0-1

[Event "Eu Team Ch"]
[Site "Batumi GEO"]
[Date "1999.12.01"]
[Round "3"]
[White "Aleksandrov,A"]
[Black "Smirin,I"]
[Result "0-1"]
[WhiteElo "2619"]
[BlackElo "2671"]

1.d4 Nf6 2.c4 g6 3.Nc3 Bg7 4.e4 d6 5.Be2 O-O 6.Bg5 Na6 7.h4 e5 8.d5 h6 9.Be3 h5
10.f3 Nh7 11.g4 Nf6 12.Nh3 c6 13.Nf2 Bd7 14.Qb3 Nc5 15.Qa3 a5 16.dxc6 Bxc6
17.O-O-O Qc7 18.Bxc5 dxc5 19.Qxc5 Rfc8 20.Kb1 Bf8 21.Qe3 a4 22.Rc1 a3 23.b3 Bb4
24.Rhg1 Qa5 25.Rg2 Kg7 26.Rc2 hxg4 27.Nxg4 Nxg4 28.Rxg4 Rh8 29.Nd5 Bc5 30.Qg5 Bxd5
31.cxd5 Bd4 32.Qd2 Qb6 33.f4 Rac8 34.f5 Be3 35.Qd1 Rc7 36.Rc3 Qc5 37.Kc2 b5
38.Bc4 f6 39.fxg6 Bf4 40.Qd3 Rxh4 41.b4 Rh3 42.Rg2 Rh1 43.d6 bxc4 44.Rd2 Bxd2
45.d7 Qc6  0-1

[Event "Eu Team Ch"]
[Site "Batumi GEO"]
[Date "1999.12.02"]
[Round "4"]
[White "Bagirov,R"]
[Black "Smirin,I"]
[Result "1/2-1/2"]
[WhiteElo "2471"]
[BlackElo "2671"]

1.d4 Nf6 2.c4 g6 3.Nc3 Bg7 4.e4 d6 5.Be2 O-O 6.Bg5 Na6 7.Qc2 h6 8.Bf4 c5
9.d5 e6 10.dxe6 Bxe6 11.O-O-O Qa5 12.a3 Nb4 13.axb4 cxb4 14.Qa4 Qxa4 15.Nxa4 Nxe4
16.Be3 b5 17.Bf3 Rac8 18.b3 bxa4 19.Bxe4 axb3 20.Kb1 Rxc4 21.Bd3 Rfc8 22.Nf3 Rc2
23.Bd4 Bxd4 24.Nxd4 Rxf2 25.Nxe6 fxe6 26.Bxg6 Kg7 27.Bh5 Rcc2 28.Rxd6 Rb2+
29.Ka1 Ra2+ 30.Kb1 Rfb2+ 31.Kc1 Rxg2 32.Kb1 Kf6 33.Re1 Kg5 34.Bd1 Rgb2+ 35.Kc1 Rxh2
36.Kb1 Rhb2+ 37.Kc1 Rf2 38.Kb1 Rfb2+ 39.Kc1 Rg2 40.Kb1 Rgb2+ 41.Kc1 Rf2 42.Kb1  1/2-1/2

[Event "Eu Team Ch"]
[Site "Batumi GEO"]
[Date "1999.12.06"]
[Round "7"]
[White "Lanka,Z"]
[Black "Smirin,I"]
[Result "0-1"]
[WhiteElo "2504"]
[BlackElo "2671"]

1.e4 c5 2.Nf3 e6 3.d4 cxd4 4.Nxd4 a6 5.Nc3 b5 6.Bd3 Qb6 7.Nf3 Nc6 8.O-O Qc7
9.Ne2 Nf6 10.c3 Bb7 11.Ng3 h5 12.Bg5 Ng4 13.a4 f6 14.axb5 axb5 15.Rxa8+ Bxa8
16.Bc1 Bc5 17.b4 Bd6 18.Re1 Qb6 19.Be3 Nxe3 20.Rxe3 h4 21.Nf1 Ke7 22.Re1 h3
23.g3 Ne5 24.Nxe5 Bxe5 25.Qg4 g5 26.Rc1 Qa6 27.Nd2 Bc6 28.Qd1 Qa3 29.Qc2 g4
30.Nb1 Qa8 31.Re1 d5 32.exd5 Bxd5 33.Bf1 Kf7 34.Qd1 Bc4 35.Qd7+ Kg6 36.Bd3+ f5
37.Bf1 Rd8 38.Qe7 Bf6 39.Rxe6 Bxe6 40.Qxe6 Rd1  0-1

[Event "Eu Team Ch"]
[Site "Batumi GEO"]
[Date "1999.12.07"]
[Round "9"]
[White "Georgiev,Ki"]
[Black "Smirin,I"]
[Result "1/2-1/2"]
[WhiteElo "2650"]
[BlackElo "2671"]

1.d4 Nf6 2.c4 g6 3.Nf3 Bg7 4.g3 c6 5.Bg2 O-O 6.O-O d5 7.b3 c5 8.Bb2 cxd4
9.cxd5 Qxd5 10.Qxd4 Nc6 11.Qxd5 Nxd5 12.Bxg7 Kxg7 13.Rc1 Bg4 14.Nbd2 Rfd8
15.h3 Bxf3 16.Nxf3 Rac8 17.a3 e6 18.b4 a5 19.bxa5 Nxa5 20.Rcb1 Nc3 21.Rb2 Rc5
22.e3 Rdc8 23.Bf1 R8c7 24.Nd4 Kf8 25.a4 Nd5 26.h4 Nc4 27.Bxc4 Rxc4 28.a5 Rc1+
29.Rxc1 Rxc1+ 30.Kg2 Rc5 31.Rxb7 Rxa5 32.g4 Rc5 33.g5 Rc7 34.Rb8+ Kg7 35.Kg3 h6  1/2-1/2

[Event "7th Solana It"]
[Site "Solin CRO"]
[Date "1999.12.10"]
[Round "1"]
[White "Kovacevic,Vlat"]
[Black "Smirin,I"]
[Result "1/2-1/2"]
[WhiteElo "2492"]
[BlackElo "2671"]

1.d4 Nf6 2.Nf3 g6 3.b4 d5 4.e3 Bg7 5.c4 O-O 6.Nbd2 a5 7.b5 c5 8.bxc6 Nxc6
9.Bb2 Bf5 10.Be2 Nb4 11.O-O Rc8 12.Qb3 Bc2 13.Qa3 Ne4 14.Rac1 Re8 15.Nxe4 Bxe4
16.Qb3 dxc4 17.Bxc4 Bd5 18.Bxd5 Qxd5 19.Ba3 Qxb3 20.axb3 Nd5 21.Rfe1 b5 22.Rc5 Rxc5
23.Bxc5 Rc8 24.e4 Nf4 25.Bxe7 Rc3 26.Bg5 Ne6 27.Bd2 Rxb3 28.d5 Nd4 29.Bxa5 Rxf3
30.gxf3 Nxf3+ 31.Kf1 Nxe1 32.Kxe1 Be5 33.h3 f5 34.exf5 gxf5 35.Kd2 Kf7 36.Bb4 Bd4
37.f3 Kf6 38.Kd3 Ke5 39.d6 Bb6 40.d7 Ke6 41.Bc5 Bc7 42.Bf8 Kxd7 43.Kd4 Bd6
44.Bh6 Ke6 45.Bd2 Be7 46.Bf4 Kf6 47.Bd2 Kg6 48.Kd5 Kh5 49.Ke6 Ba3 50.Kxf5 b4
51.Ke4 b3 52.Kd3 Kh4 53.f4 Kxh3 54.f5 Kg4 55.f6 h5 56.Be1 Kg5 57.f7 Kg6 58.Kc3 b2
59.f8=Q b1=N+ 60.Kc2 Bxf8 61.Kxb1 Kf5 62.Kc2 Ke4 63.Bh4  1/2-1/2

[Event "7th Solana It"]
[Site "Solin CRO"]
[Date "1999.12.11"]
[Round "2"]
[White "Smirin,I"]
[Black "Kozul,Z"]
[Result "1/2-1/2"]
[WhiteElo "2671"]
[BlackElo "2612"]

1.e4 c5 2.Nf3 Nc6 3.d4 cxd4 4.Nxd4 Nf6 5.Nc3 d6 6.Bg5 e6 7.Qd2 a6 8.O-O-O Bd7
9.f3 Rc8 10.Nxc6 Bxc6 11.Kb1 b5 12.Ne2 Bb7 13.Nd4 h6 14.Bxf6 Qxf6 15.a4 bxa4
16.Qb4 Qe7 17.Bxa6 Bxa6 18.Qxa4+ Qd7 19.Qxa6 Be7 20.Qb5 Bf6 21.Rd3 Qxb5 22.Nxb5 Rc5
23.Nxd6+ Ke7 24.f4 Ra8 25.e5 Rca5 26.Ra3 Rxa3 27.bxa3 g5 28.exf6+ Kxd6 29.Rd1+ Kc6
30.fxg5 hxg5 31.Rd3 e5 32.Rg3 Kd5 33.Kb2 e4 34.Rxg5+ Kd4 35.Rg7 Ra7 36.Kc1 Ke3
37.Rg4 Ra6 38.Kd1 Rb6 39.Rg3+ Kf2 40.c4 Rc6 41.Rg4 Rxc4 42.Rf4+ Ke3 43.Rf5 Rd4+
44.Ke1 Rd2 45.Rg5 Re2+ 46.Kf1 Rb2 47.g4 Kf3 48.Rf5+ Kxg4 49.Rf2 Rb3 50.Ke2 Rxa3
51.Rf1 Rh3 52.Kd2 Rxh2+ 53.Ke3 Ra2 54.Rf4+ Kg3 55.Rf1 Kg4 56.Rf4+ Kg3  1/2-1/2

[Event "7th Solana It 2nd event"]
[Site "Solin CRO"]
[Date "1999.12.14"]
[Round "1"]
[White "Kozul,Z"]
[Black "Smirin,I"]
[Result "1-0"]
[WhiteElo "2612"]
[BlackElo "2671"]

1.d4 Nf6 2.Nf3 g6 3.c4 Bg7 4.Nc3 O-O 5.e4 d6 6.Be2 e5 7.O-O Na6 8.Re1 c6
9.Bf1 exd4 10.Nxd4 Qb6 11.Na4 Qa5 12.Bf4 Re8 13.Nc3 Ng4 14.Qd2 Be5 15.Rad1 Nc5
16.h3 Nf6 17.Bxe5 dxe5 18.Nf3 Be6 19.Nd5 Qd8 20.Nxf6+ Qxf6 21.Qc3 Rad8 22.Rxd8 Rxd8
23.Qa5 Nd3 24.Rd1 b6 25.Qc3 Nc5 26.Qxe5 Qe7 27.Nd4 Qf8 28.b4 Re8 29.Qf4 Na4
30.Nxc6 Nc3 31.Rd2 Bc8 32.f3 a5 33.a3 axb4 34.axb4 Be6 35.Qf6 Na4 36.Rd8  1-0

[Event "7th Solana It 2nd event"]
[Site "Solin CRO"]
[Date "1999.12.14"]
[Round "2"]
[White "Smirin,I"]
[Black "Tkachiev,V"]
[Result "1/2-1/2"]
[WhiteElo "2671"]
[BlackElo "2648"]

1.e4 e5 2.Nf3 Nc6 3.d4 exd4 4.Nxd4 Bc5 5.Nxc6 Qf6 6.Qd2 dxc6 7.Nc3 Ne7 8.Qf4 Ng6
9.Qxf6 gxf6 10.Bd2 Bd7 11.f3 O-O-O 12.O-O-O Rhe8  1/2-1/2

[Event "7th Solana It 2nd event"]
[Site "Solin CRO"]
[Date "1999.12.15"]
[Round "4"]
[White "Nikolac,J"]
[Black "Smirin,I"]
[Result "0-1"]
[WhiteElo "2475"]
[BlackElo "2671"]

1.d4 Nf6 2.Nf3 g6 3.Bg5 Bg7 4.Nbd2 O-O 5.c3 d5 6.e3 Nbd7 7.Be2 Re8 8.O-O e5
9.c4 e4 10.Ne1 c6 11.cxd5 cxd5 12.Qb3 h6 13.Bh4 Re6 14.a4 Nb8 15.Nc2 Nc6
16.Nb4 Qa5 17.Bxf6 Bxf6 18.Nxd5 Qxd2 19.Nc3 Bxd4 20.exd4 Nxd4 21.Qd1 Nxe2+
22.Nxe2 e3 23.fxe3 Qxe3+ 24.Rf2 Re8 25.Ra3 Qe5 26.Qb3 Re7 27.Qb4 Bf5 28.Rg3 Rd8
29.Nc3 Bd3 30.h3 Rd4 31.Qa3 Red7 32.Rgf3 Bc4 33.Qa1 Rd2 34.Rxd2 Rxd2 35.Qc1 Qg5  0-1

[Event "7th Solana It 2nd event"]
[Site "Solin CRO"]
[Date "1999.12.16"]
[Round "6"]
[White "Dizdarevic,E"]
[Black "Smirin,I"]
[Result "1/2-1/2"]
[WhiteElo "2527"]
[BlackElo "2671"]

1.Nf3 Nf6 2.g3 g6 3.b3 Bg7 4.Bb2 O-O 5.Bg2 d6 6.d4 e5 7.dxe5 Nfd7 8.O-O Re8
9.Qc1 dxe5 10.e4 a5 11.Rd1 Na6 12.Qe3 c6 13.a4 Qc7 14.Na3 Bf8 15.Qe2 Nac5
16.Nc4 b6 17.Bf1 Ba6 18.Qe1 f6 19.Nfd2 Bh6 20.Ne3 Bxf1 21.Kxf1 Rad8 22.Ndc4 Nf8
23.Ng4 Bg7 24.f3 Nfe6 25.Rxd8 Rxd8 26.Rd1 Nd4 27.Bxd4 exd4 28.Nf2 Nb7 29.Qe2 Bf8
30.Nb2 Ba3 31.Nbd3 Bd6 32.Ng4 Qe7 33.f4 Nc5 34.Nxc5 Bxc5 35.Qc4+ Kg7 36.Nf2 Re8
37.Re1 Bb4 38.Re2 Qd7 39.Qa6 b5 40.Nd3 bxa4 41.Nxb4 axb4 42.Qxa4 Qd6 43.Qa6 Qc5
44.Qd3 Qc3 45.Kf2 Ra8 46.e5 f5 47.Rd2 c5 48.Re2 Qxd3 49.cxd3 Kf7 50.e6+ Ke7
51.Re5 Kd6 52.e7 Re8 53.Kf3 g5 54.Re1 gxf4 55.gxf4 Rxe7 56.Rxe7 Kxe7 57.Kg3 Kf6
58.Kf3 Kg6 59.Kg2 Kh5 60.Kg3 h6 61.h3  1/2-1/2

[Event "7th Solana It 2nd event"]
[Site "Solin CRO"]
[Date "1999.12.17"]
[Round "7"]
[White "Smirin,I"]
[Black "Tukmakov,V"]
[Result "0-1"]
[WhiteElo "2671"]
[BlackElo "2557"]

1.e4 c5 2.Nf3 d6 3.d4 cxd4 4.Nxd4 Nf6 5.Nc3 Nc6 6.Bg5 e6 7.Qd2 a6 8.O-O-O Bd7
9.f3 h6 10.Be3 b5 11.Nxc6 Bxc6 12.Kb1 Qc7 13.Bd3 Rc8 14.h4 Nd7 15.Ne2 Bb7
16.g4 Ne5 17.Nd4 Nc4 18.Bxc4 Qxc4 19.g5 hxg5 20.Bxg5 g6 21.Rh2 e5 22.Nb3 Qe6
23.Qe3 f6 24.Qb6 Rh7 25.Na5 Bxe4 26.fxe4 fxg5 27.Nb7 Rb8 28.Rxd6 Bxd6 29.Nxd6+ Ke7
30.Qxb8 Qxd6 31.Qa7+ Qd7 32.Qg1 gxh4 33.Qg5+ Kf7 34.Rf2+ Kg8 35.Rf1 Qd6 36.a3 Rh5
37.Qg4 h3 38.Qf3 h2 39.Qf7+ Kh8 40.Rh1 Rh7 41.Qf2 Kg7 42.Rxh2 Rxh2 43.Qxh2 Qf6
44.Qh3 Qf4 45.Qe6 Qxe4 46.Qxa6 Qh1+ 47.Ka2 Qd5+ 48.b3 e4 49.a4 bxa4 50.Qxa4 Kh6
51.Qa7 Qd2 52.Qc5 e3 53.Qf8+ Kh5 54.Qf3+ Kg5 55.Qg3+ Kf5 56.Qf3+ Ke5 57.Qg3+ Kd4
58.Qd6+ Ke4 59.Qxg6+ Kf3 60.Qf5+ Kg2 61.Qg4+ Kf1 62.Qf4+ Ke1 63.Qh4+ Kd1
64.Qh1+ Kxc2 65.Qc6+ Kd1+ 66.Kb1 Qd3+ 67.Kb2 Qd2+ 68.Kb1 e2 69.Qf3 Qd4 70.Ka2 Kd2
71.Qg2 Qa7+ 72.Kb2 Qd4+ 73.Ka2 Qe5 74.b4 Kd3 75.Qf3+ Qe3 76.Qd5+ Qd4 77.Qf3+ Kd2
78.Qg2 Qxb4 79.Qf2 Qc4+ 80.Kb2 Qc3+  0-1

[Event "7th Solana It 2nd event"]
[Site "Solin CRO"]
[Date "1999.12.18"]
[Round "9"]
[White "Smirin,I"]
[Black "Kovacevic,Vlat"]
[Result "1/2-1/2"]
[WhiteElo "2671"]
[BlackElo "2492"]

1.c4 e6 2.d4 d5 3.Nf3 Nf6 4.Nc3 Bb4 5.Bg5 Nbd7 6.cxd5 exd5 7.Rc1 c6 8.a3 Be7
9.e3 O-O 10.Bd3 Re8 11.O-O a5 12.Na4 Nf8 13.Ne5 N6d7 14.Bxe7 Rxe7 15.Nxd7 Bxd7
16.Qb3 Be8 17.Qb6 Nd7 18.Qxd8 Rxd8 19.Bf5 Nf6 20.Rc3 Bd7 21.Bd3 Be6 22.Rfc1 Ra8
23.f3 h5 24.Kf2 g6 25.h3 h4 26.Nb6 Ra7 27.e4 dxe4 28.fxe4 Re8 29.Rc5 Nd7
30.Nxd7 Bxd7 31.Ke3 Kg7 32.Rf1 Re7 33.Rf4 b6 34.Rc1 g5 35.Rf2 Ra8 36.Rcf1 f5
37.Rxf5 Bxf5 38.Rxf5 Rae8 39.Rxg5+ Kf8 40.Bc4 Rg7 41.Rxg7 Kxg7 42.e5 Kf8
43.Ke4 Ke7 44.Be2 Rf8 45.Bf3 Ke6 46.b4 axb4 47.axb4 b5 48.Bg4+ Ke7 49.Bf3 Ke6
50.Ke3 Ke7  1/2-1/2

[Event "ISR-chT"]
[Site "Israel"]
[Date "1999.??.??"]
[Round "7"]
[White "Shvidler, Eliahu"]
[Black "Smirin, Ilia"]
[Result "0-1"]
[WhiteElo "2455"]
[BlackElo "2652"]

1.d4 Nf6 2.Nf3 g6 3.g3 Bg7 4.Bg2 O-O 5.O-O d6 6.Nc3 d5 7.Re1 Ne4 8.Ng5 Nxc3
9.bxc3 c5 10.Rb1 Nc6 11.e4 dxe4 12.d5 Ne5 13.Nxe4 b6 14.Bg5 h6 15.Bf4 Nc4
16.Qd3 Nd6 17.Nxd6 exd6 18.c4 Qf6 19.Bc1 Bf5 20.Be4 Rfe8 21.Bb2 Bxe4 22.Rxe4 Qf5
23.Rxe8+ Rxe8 24.Bxg7 Kxg7 25.a4 Re4 26.Rd1 h5 27.f3 Rd4 28.Qc3 Qf6 29.Re1 g5
30.Kg2 g4 31.Re4 Rd2+ 32.Qxd2 Qxf3+ 33.Kg1 Qxe4 34.Qg5+ Qg6 35.Qe7 Qf6 36.Qxa7 Qd4+
37.Kg2 Qxc4 38.Qxb6 Qxd5+ 39.Kf2 Qd2+ 40.Kf1 Qd1+ 41.Kf2 Qxc2+ 42.Ke3 d5
43.a5 d4+ 44.Kf4 d3 45.Kg5 d2 46.Qf6+ Kg8 47.Qd8+ Kh7 48.Qd7 Kg7  0-1

[Event "Oz.com qualifier blitz"]
[Site "Internet ICC"]
[Date "2000.03.05"]
[Round "2"]
[White "Smirin,I"]
[Black "Hartman,B"]
[Result "1/2-1/2"]
[WhiteElo "2666"]
[BlackElo "2405"]

1.e4 c5 2.Nf3 d6 3.d4 cxd4 4.Nxd4 Nf6 5.Nc3 a6 6.h3 Nc6 7.g4 h6 8.f4 e6 9.Bg2 Bd7
10.Be3 Be7 11.Qe2 Qc7 12.O-O-O Nxd4 13.Bxd4 e5 14.Be3 Bc6 15.h4 h5 16.g5 Ng4
17.f5 Nxe3 18.Qxe3 Rc8 19.Kb1 b5 20.Qe2 Qb7 21.Qf2 f6 22.Bf3 b4 23.Nd5 Bxd5
24.Rxd5 Rc5 25.gxf6 gxf6 26.Rxc5 dxc5 27.Qe2 Qb5 28.Bxh5+ Kf8 29.Qg4 Rg8
30.Bg6 c4 31.Qe2 Rh8 32.h5 Bc5 33.h6 c3 34.Qxb5 axb5 35.bxc3 bxc3 36.a4 bxa4
37.Ka2 Be3 38.h7 Kg7 39.Rb1 Rd8 40.Rb7+ Kh8 41.Ka3 Ra8 42.Rc7 Bd4 43.Rf7 Bc5+
44.Ka2 Rf8 45.Rc7 Bd4 46.Ka3 Ra8 47.Bf7 Ra7 48.Rxa7 Bxa7 49.Bg8 Be3 50.Kxa4 Bd2
51.Kb5 Kg7 52.Kc5 Kh8  1/2-1/2

[Event "Oz.com qualifier blitz"]
[Site "Internet ICC"]
[Date "2000.03.05"]
[Round "3"]
[White "Leskovar,M"]
[Black "Smirin,I"]
[Result "0-1"]
[WhiteElo "2395"]
[BlackElo "2666"]

1.e4 d6 2.d4 Nf6 3.Nc3 g6 4.f4 Bg7 5.Nf3 O-O 6.e5 Nfd7 7.h4 c5 8.h5 cxd4
9.Qxd4 dxe5 10.Qf2 e4 11.Ng5 h6 12.hxg6 hxg5 13.gxf7+ Rxf7 14.Bc4 Qb6 15.Bxf7+ Kxf7
16.Nxe4 Qb4+ 17.Nd2 Nc6 18.fxg5+ Kg8 19.c3 Qg4 20.Nf3 Nde5 21.Nxe5 Nxe5 22.O-O Be6
23.Qf4 Rd8 24.Be3 Qxf4 25.Rxf4 b6 26.Rd4 Rc8 27.Rad1 Bxa2 28.Rd8+ Rxd8 29.Rxd8+ Kf7
30.Bd4 Nc6 31.Rd7 Be6 32.Rc7 Nxd4 33.cxd4 Bxd4+ 34.Kh1 a5 35.g6+ Kxg6 36.Rxe7 Kf6
37.Rb7 a4 38.Kh2 Bd5 39.Rd7 Ke6 40.Ra7 b5 41.Ra6+ Ke5 42.Ra5 Bc4 43.g4 Bxb2
44.g5 Kf5 45.g6 Kxg6  0-1

[Event "Oz.com qualifier blitz"]
[Site "Internet ICC"]
[Date "2000.03.05"]
[Round "4"]
[White "Smirin,I"]
[Black "Arnarsson,H"]
[Result "1-0"]
[WhiteElo "2666"]
[BlackElo "2035"]

1.c4 Nf6 2.Nc3 g6 3.g3 Bg7 4.Bg2 O-O 5.Nf3 d6 6.O-O e5 7.d4 Nc6 8.d5 Ne7
9.c5 dxc5 10.Nxe5 Nfxd5 11.Nxf7 Nxc3 12.Qxd8 Nxe2+ 13.Kh1 Rxd8 14.Nxd8 Nxc1
15.Raxc1 c6 16.Rfe1 Bf6 17.Rxc5 Bd7 18.Nxb7 Rb8 19.Na5 Rxb2 20.Nxc6 Nxc6
21.Bxc6 Bd4 22.Bd5+ Kf8 23.Rc7 Bxf2 24.Re4 Bb5 25.Rf7+ Kg8 26.Rxf2+  1-0

[Event "Oz.com qualifier blitz"]
[Site "Internet ICC"]
[Date "2000.03.05"]
[Round "6"]
[White "Smirin,I"]
[Black "Kosyrev,V"]
[Result "1-0"]
[WhiteElo "2666"]
[BlackElo "2474"]

1.e4 e6 2.d4 d5 3.Nd2 Nf6 4.e5 Nfd7 5.c3 c5 6.Ngf3 Nc6 7.Bd3 f6 8.exf6 Qxf6
9.O-O cxd4 10.cxd4 Bd6 11.Re1 h6 12.Nf1 O-O 13.Ng3 Rd8 14.Bb5 Ndb8 15.a3 Bd7
16.Be3 Be8 17.Rc1 a6 18.Ba4 Rc8 19.Ne5 b5 20.Bc2 Ra7 21.Qd3 g5 22.Rf1 Bxe5
23.dxe5 Nxe5 24.Qe2 Rac7 25.f4 gxf4 26.Bxf4 Nbc6 27.Rce1 Nd4 28.Qxe5 Qxe5
29.Bxe5 Nxc2 30.Re2 Rc4 31.Rf6 Nd4 32.Bxd4 Rxd4 33.Rfxe6 Bf7 34.Rxa6 Rc1+
35.Kf2 h5 36.Re7 Rd2+ 37.Ke3 Rxb2 38.Nf5 Re1+ 39.Kf4 Rf2+ 40.Kg3 Rfe2 41.Nh6+  1-0

[Event "Israeli League"]
[Site "Ramat Aviv ISR"]
[Date "2000.03.10"]
[Round "5"]
[White "Smirin,I"]
[Black "Avrukh,B"]
[Result "1/2-1/2"]
[WhiteElo "2666"]
[BlackElo "2620"]

1.e4 c5 2.Nf3 d6 3.d4 cxd4 4.Nxd4 Nf6 5.Nc3 Nc6 6.Bg5 e6 7.Qd3 Qb6 8.Nb3 a6
9.Be2 Be7 10.Qg3 O-O 11.Bh6 Ne8 12.h4 Qc7 13.h5 Kh8 14.Bg5 b5 15.h6 g6 16.Bxe7 Nxe7
17.a3 Rb8 18.O-O-O b4 19.axb4 Rxb4 20.Qe3 e5 21.f4 Be6 22.fxe5 Bxb3 23.exd6 Nxd6
24.cxb3 Rxe4 25.Qd3 Re6 26.Kb1 Ndf5 27.g4 Ne3 28.Qd7 Qc6 29.Qd4+ f6 30.Rde1 Re5
31.Bxa6 Nxg4 32.Qxg4 Qxa6 33.Qd7 Qc6 34.Qd2 Nf5 35.b4 Ne3 36.Qd4 Qe6 37.Qa7 Rg8
38.Rhg1 Qf5+ 39.Ka2 Qe6+ 40.Kb1 Qf5+ 41.Ka2 Qe6+ 42.Kb1  1/2-1/2